00433 a2200145 4500003000500000005001700005040000900022082001200031245005800043505002900101650002100130651001400151999001900165952010300184Nust20170207154601.0 cNust a025.34  aFollow Me : Units : 1-8, side 1: units: 9-15, side 2  aAlmirah No.73 shelf No.6 aEnglish learning aFollow Me c198597d198597 00102ddc40708NFICaMCSbMCSd2016-12-12l0o025.34 FOLpMCSCst-11r2016-12-08w2016-12-12yBK